Memorias del mariscal Andres A. Caceres : (Record no. 5788)

000 -CABECERA
fixed length control field 00979nam a22002417a 4500
003 - IDENTIFICADOR DEL NÚMERO DE CONTROL
control field AR-CdUCM
008 - DATOS DE LONGITUD FIJA--INFORMACIÓN GENERAL
fixed length control field 190313b ||||| |||| 00| 0 spa d
040 ## - FUENTE DE LA CATALOGACIÓN
Agencia/entidad que catalogó originalmente la obra MUNICIPALIDAD PROVINCIAL DEL CUSCO
Entidad que transcribió la catalogación BIBLIOTECA MUNICIPAL DEL CUSCO
082 ## - NÚMERO DE LA CLASIFICACIÓN DECIMAL DEWEY
No. de Clasificación 985.061 /
Notacion interna M58
100 ## - ENTRADA PRINCIPAL--NOMBRE DE PERSONA
Nombre Personal Milla Batres, Carlos
245 ## - MENCIÓN DE TÍTULO
Título Memorias del mariscal Andres A. Caceres :
Resto del título diarios y otros documentos de la campaña de la Breña /
260 ## - PUBLICACIÓN, DISTRIBUCIÓN, ETC.
Lugar de publicación, distribución, etc. Lima :
Nombre de la editorial, distribuidor, etc. Milla Batres,
Fecha de publicación, distribución, etc. 1986.
300 ## - DESCRIPCIÓN FÍSICA
Nº de Páginas Extensión 245 paginas ;
Otros detalles físicos Ilustraciones,
Dimensiones 23.5 cm.
505 ## - NOTA DE CONTENIDO CON FORMATO
Nota de contenido formateada Cuenta general de los fondos manejado durante la campaña del ejercito del centro -- La batalla de Huamachuco y sus desastres -- Anotaciones biográficas ...
650 ## - PUNTO DE ACCESO ADICIONAL DE MATERIA--TÉRMINO DE MATERIA
Descriptor Andres A. Caceres
9 (RLIN) 17189
650 ## - PUNTO DE ACCESO ADICIONAL DE MATERIA--TÉRMINO DE MATERIA
Descriptor Campaña de Breña
9 (RLIN) 17190
650 ## - PUNTO DE ACCESO ADICIONAL DE MATERIA--TÉRMINO DE MATERIA
Descriptor Biografía
9 (RLIN) 22
700 ## - PUNTO DE ACCESO ADICIONAL--NOMBRE DE PERSONA
Nombre Personal Rodricguez, Pedro Manuel
9 (RLIN) 17191
700 ## - PUNTO DE ACCESO ADICIONAL--NOMBRE DE PERSONA
Nombre Personal Heros, Diana de los
9 (RLIN) 17192
700 ## - PUNTO DE ACCESO ADICIONAL--NOMBRE DE PERSONA
Nombre Personal Mendizabal, Francisco C.
9 (RLIN) 17193
942 ## - ELEMENTOS DE PUNTO DE ACCESO ADICIONAL (KOHA)
Fuente de clasificación
Tipo de item Libros-BMC
945 ## - PROCESAMIENTO DE INFORMACIÓN LOCAL (OCLC)
Catalogador acv
Holdings
Estado de retiro (separado) Fuente de clasificación o esquema de estanterías Estado dañado Ubicación Sala donde se ubica Nombre de la colección Fecha de adquisición o compra Costo, precio normal en soles Signatura topográfica Código de Barras Última vez visto (Koha) Tipo de ítem (Koha)
No     Sala Humanidades Sala Humanidades Book Cart 2019-03-13 30.00 985.061 / M58 / t.3 SH0000006211 2019-03-13 Libros-BMC

Powered by Koha